000 00976nam a2200313 i 4500
003 EG-GICUC
005 20260121145319.0
008 260121s1904 fr ||||fr|||| 000 0 fre d
040 _aEG-GiCUC
_bfre
_cEG-GiCUC
_dEG-GiCUC
_eRda
041 _afre
082 0 4 _221
_a341.9
_bPA . L
092 0 4 _221
099 _aLaw1 11 341.9 PA . L 1904
100 1 _a Padel, W.
_eAuteur
245 1 3 _aDe La Législation Foncière Ottomane /
_cPar W. Padel, L. Steeg.
264 1 _aParis :
_bA. PEDONE,
_c1904.
300 _a350 page ;
_c 24 cm.
_billustration ;
336 _2rda contenu
_a texte
337 _2rda medias
_aOrdinateur
338 _2 transporteur rda
_a Ressource en ligne
504 _aBibliography: pages 200-250. 240-220
546 _aTexte en français
650 1 4 _aDroit international
_x Histoire
651 1 _2qrmak
700 1 _a Steeg, L.
856 4 0 _uhttps://fll.law.cu.edu.eg/fulltext/bks/B11-06943.pdf
905 _a79
942 _2ddc
_cBK
_e21
_n0
999 _c58474
_d58474